[Event "Muensterland Verbandsklasse 1819"]
[Site "Germany"]
[Date "2019.02.09"]
[Round "6.7"]
[White "Steens, Rudolf"]
[Black "Bleier, Thomas"]
[Result "1/2-1/2"]
[WhiteElo "1779"]
[BlackElo "1629"]
[PlyCount "36"]
[EventDate "2018.09.15"]
[EventType "team-tourn"]
[EventRounds "9"]
[EventCountry "GER"]
[SourceTitle "EXT 2020"]
[Source "ChessBase"]
[SourceDate "2019.10.17"]
[SourceVersion "1"]
[SourceVersionDate "2019.10.17"]
[SourceQuality "1"]
[WhiteTeam "Nordwalde"]
[BlackTeam "Beelen II"]
[WhiteTeamCountry "GER"]
[BlackTeamCountry "GER"]

1. e4 e6 2. d4 d5 3. e5 c5 4. c3 Nc6 5. Nf3 Qb6 6. Bd3 Bd7 7. 0-0 cxd4 8. cxd4 Nxd4 9. Ng5 Ne7 10. Nxh7 Nec6 11. Nxf8 Kxf8 12. Re1 Rc8 13. Nc3 a6 14. Na4 Qc7 15. Bf4 g5 16. Bg3 Nb4 17. Nc3 Nxd3 18. Qxd3 Nf5 1/2-1/2

[Event "Muensterland Verbandsklasse 1819"]
[Site "Germany"]
[Date "2018.10.06"]
[Round "2.8"]
[White "Bleier, Thomas"]
[Black "Hoppe, Nico"]
[Result "1/2-1/2"]
[WhiteElo "1629"]
[BlackElo "1652"]
[PlyCount "79"]
[EventDate "2018.09.15"]
[EventType "team-tourn"]
[EventRounds "9"]
[EventCountry "GER"]
[SourceTitle "EXT 2020"]
[Source "ChessBase"]
[SourceDate "2019.10.17"]
[SourceVersion "1"]
[SourceVersionDate "2019.10.17"]
[SourceQuality "1"]
[WhiteTeam "Beelen II"]
[BlackTeam "Emsdetten Rochade III"]
[WhiteTeamCountry "GER"]
[BlackTeamCountry "GER"]

1. e4 c6 2. d4 d5 3. Nd2 dxe4 4. Nxe4 Bf5 5. Ng3 Bg6 6. Nf3 Nd7 7. Bc4 e6 8. 0-0 Be7 9. Re1 h6 10. c3 Nb6 11. Bb3 Nf6 12. Qe2 Nbd5 13. Ne5 Bh7 14. Nh5 0-0 15. Qf3 Nxh5 16. Qxh5 Bf6 17. Ng4 Bg6 18. Qh3 Bg5 19. Qg3 Bxc1 20. Raxc1 Qg5 21. Bxd5 cxd5 22. h4 Qd2 23. h5 Bf5 24. Rcd1 Qg5 25. f3 Kh8 26. Kf2 Qxh5 27. Rh1 Qg6 28. Rh4 Bxg4 29. Rxg4 Qc2+ 30. Ke1 Qxb2 31. Rxg7 Qxc3+ 32. Ke2 Rg8 33. Rxg8+ Rxg8 34. Qe5+ Kh7 35. g4 Qc4+ 36. Ke3 Qxa2 37. Qc7 Qa3+ 38. Rd3 Qb4 39. Qxf7+ Rg7 40. Qh5 1/2-1/2

[Event "Muensterland Verbandsklasse 1617"]
[Site "Germany"]
[Date "2016.10.22"]
[Round "2.5"]
[White "Bleier, Thomas"]
[Black "Bissen, Philippe"]
[Result "0-1"]
[WhiteElo "1648"]
[BlackElo "1674"]
[PlyCount "94"]
[EventDate "2016.09.24"]
[EventType "team"]
[EventRounds "9"]
[EventCountry "GER"]
[SourceTitle "EXT 2018"]
[Source "ChessBase"]
[SourceDate "2017.10.13"]
[SourceVersion "1"]
[SourceVersionDate "2017.10.13"]
[SourceQuality "1"]
[WhiteTeam "Beelen II"]
[BlackTeam "Muenster SK V"]
[WhiteTeamCountry "GER"]
[BlackTeamCountry "GER"]

1. e4 c5 2. Nc3 Nc6 3. Bc4 e6 4. f4 Qh4+ 5. g3 Qd8 6. a3 a6 7. d3 b5 8. Ba2 Bb7 9. Nf3 Be7 10. 0-0 h5 11. h3 Qc7 12. Be3 g5 13. Nh2 0-0-0 14. Ne2 g4 15. hxg4 hxg4 16. Nxg4 Nh6 17. Nxh6 Rxh6 18. Kf2 Rh2+ 19. Ke1 d5 20. exd5 exd5 21. Bg1 Rh6 22. Rf2 Bf6 23. c3 d4 24. Rc1 dxc3 25. Nxc3 Bd4 26. Rh2 Rxh2 27. Bxh2 Re8+ 28. Kf1 Ne7 29. Bxf7 Rh8 30. Rc2 Qc6 31. Ne4 Nd5 32. Bxd5 Qxd5 33. Qe2 Kb8 34. Qg2 Qa2 35. Qd2 Rxh2 36. Qxh2 Qb1+ 37. Rc1 Qxc1+ 38. Kg2 Qxb2+ 39. Kh3 Bc8+ 40. g4 Bxg4+ 41. Kg3 Qxh2+ 42. Kxh2 Bf5 43. Kg3 Bxe4 44. dxe4 Kc7 45. Kf3 Bb2 46. e5 Kd7 47. Ke4 c4 0-1

[Event "Muensterland Verbandsklasse 1516"]
[Site "Germany"]
[Date "2016.02.20"]
[Round "6.6"]
[White "Bleier, Thomas"]
[Black "Huesmann, Stephan"]
[Result "1-0"]
[WhiteElo "1637"]
[BlackElo "1705"]
[PlyCount "109"]
[EventDate "2015.09.19"]
[EventType "team"]
[EventRounds "9"]
[EventCountry "GER"]
[SourceTitle "EXT 2017"]
[Source "ChessBase"]
[SourceDate "2016.10.25"]
[SourceVersion "1"]
[SourceVersionDate "2016.10.25"]
[SourceQuality "1"]
[WhiteTeam "Beelen II"]
[BlackTeam "Rheine Klein Berlin II"]
[WhiteTeamCountry "GER"]
[BlackTeamCountry "GER"]

1. e4 e5 2. Nf3 Nc6 3. Nc3 Bc5 4. Bc4 d6 5. d3 h6 6. a3 Bg4 7. h3 Bxf3 8. Qxf3 Qd7 9. Ne2 Nf6 10. Qg3 Rg8 11. 0-0 g5 12. Be3 g4 13. Kh2 gxh3 14. Qxh3 Ng4+ 15. Kh1 Bxe3 16. fxe3 Rg7 17. Rf3 0-0-0 18. Raf1 Rf8 19. Ng3 Nd8 20. Nh5 Rg6 21. Nf6 Nxf6 22. Rxf6 Qxh3+ 23. gxh3 Rxf6 24. Rxf6 h5 25. Rh6 f5 26. Rxh5 fxe4 27. dxe4 Rf2 28. Rh8 c5 29. Bd5 Rxc2 30. Bxb7+ Kc7 31. Rh7+ Kb6 32. Bd5 Rxb2 33. Rd7 Re2 34. Rxd8 Rxe3 35. Rxd6+ Kc7 36. Ra6 Rxh3+ 37. Kg2 Re3 38. Rxa7+ Kb6 39. Ra8 c4 40. Kf2 Rc3 41. Ke2 Kc5 42. Kd2 Kd4 43. Ra4 Rd3+ 44. Ke2 Re3+ 45. Kf2 Rc3 46. Rxc4+ Rxc4 47. Bxc4 Kxc4 48. Ke3 Kc3 49. a4 Kb4 50. Kd3 Kxa4 51. Kc4 Ka5 52. Kd5 Kb5 53. Kxe5 Kc6 54. Ke6 Kc7 55. Ke7 1-0

[Event "Muensterland Verbandsklasse 1516"]
[Site "Germany"]
[Date "2016.01.23"]
[Round "5.5"]
[White "Suer, Julian"]
[Black "Bleier, Thomas"]
[Result "1-0"]
[WhiteElo "1727"]
[BlackElo "1637"]
[PlyCount "65"]
[EventDate "2015.09.19"]
[EventType "team"]
[EventRounds "9"]
[EventCountry "GER"]
[SourceTitle "EXT 2017"]
[Source "ChessBase"]
[SourceDate "2016.10.25"]
[SourceVersion "1"]
[SourceVersionDate "2016.10.25"]
[SourceQuality "1"]
[WhiteTeam "Raesfeld Erle II"]
[BlackTeam "Beelen II"]
[WhiteTeamCountry "GER"]
[BlackTeamCountry "GER"]

1. e4 e6 2. d4 d5 3. Nc3 Bb4 4. e5 c5 5. a3 cxd4 6. axb4 dxc3 7. bxc3 Qc7 8. f4 Qxc3+ 9. Bd2 Qc7 10. Nf3 Ne7 11. Bd3 Bd7 12. 0-0 Nbc6 13. b5 Nd8 14. Kh1 b6 15. Bb4 Nb7 16. Ng5 h6 17. Qh5 g6 18. Qh4 Nc5 19. Nxf7 Rh7 20. Nd6+ Kf8 21. Qf6+ Kg8 22. Bxg6 Rg7 23. Bf7+ Kh7 24. Qxe7 Ne4 25. Nxe4 dxe4 26. Rfd1 Qxc2 27. Rd2 Qb3 28. Rxd7 Qb2 29. Bg6+ Kxg6 30. Qxg7+ Kh5 31. Qf7+ Kh4 32. Be1+ Kg4 33. h3# 1-0

[Event "Muensterland Verbandsliga 1314"]
[Site "Germany"]
[Date "2014.03.15"]
[Round "7.8"]
[White "Boelker, Franz"]
[Black "Bleier, Thomas"]
[Result "1-0"]
[WhiteElo "1766"]
[BlackElo "1639"]
[PlyCount "101"]
[EventDate "2013.09.07"]
[EventType "team-tourn"]
[EventRounds "9"]
[EventCountry "GER"]
[SourceTitle "EXT 2015"]
[Source "ChessBase"]
[SourceDate "2014.11.20"]
[SourceVersion "1"]
[SourceVersionDate "2014.11.20"]
[SourceQuality "1"]
[WhiteTeam "Raesfeld Erle"]
[BlackTeam "Beelen"]
[WhiteTeamCountry "GER"]
[BlackTeamCountry "GER"]

1. d4 Nf6 2. c4 e5 3. dxe5 Ne4 4. Nf3 b6 5. a3 Bc5 6. e3 a5 7. Nbd2 Bb7 8. Qc2 Nxd2 9. Bxd2 Bxf3 10. gxf3 Nc6 11. Bc3 Qh4 12. 0-0-0 0-0-0 13. Bd3 Rhe8 14. f4 h6 15. Be4 Qe7 16. Qa4 Qh4 17. Bxc6 dxc6 18. Qxc6 Kb8 19. Qg2 g5 20. Qg3 Qh5 21. fxg5 hxg5 22. Rhg1 Rxd1+ 23. Rxd1 Qe2 24. Qxg5 Qxc4 25. Rd8+ Rxd8 26. Qxd8+ Kb7 27. Qd2 Qf1+ 28. Kc2 Qg2 29. h4 Qg6+ 30. Qd3 Qh5 31. Qe4+ Kb8 32. f3 Be7 33. Be1 Qh6 34. Bg3 Qh5 35. Kb3 Qh6 36. Kc3 Qe6 37. Be1 Qh6 38. Kd3 Qe6 39. Qc4 Qg6+ 40. Ke2 Qg2+ 41. Bf2 Qg6 42. Qe4 Qh6 43. Bg3 Qe6 44. Qa4 Qa2 45. Qe8+ Kb7 46. Qxe7 Qxb2+ 47. Kf1 Qc1+ 48. Kg2 Qd2+ 49. Kh3 Qd5 50. e4 Qb3 51. Kg4 1-0

[Event "Muensterland Verbandsklasse-B 1213"]
[Site "Germany"]
[Date "2013.01.26"]
[Round "5.7"]
[White "Lutterbey, Ralf"]
[Black "Bleier, Thomas"]
[Result "1-0"]
[WhiteElo "1862"]
[BlackElo "1621"]
[PlyCount "77"]
[EventDate "2012.09.15"]
[EventType "team-tourn"]
[EventRounds "9"]
[EventCountry "GER"]
[SourceTitle "EXT 2015"]
[Source "ChessBase"]
[SourceDate "2014.11.20"]
[SourceVersion "1"]
[SourceVersionDate "2014.11.20"]
[SourceQuality "1"]
[WhiteTeam "Saerbeck"]
[BlackTeam "Beelen"]
[WhiteTeamCountry "GER"]
[BlackTeamCountry "GER"]

1. e4 e6 2. d4 d5 3. c4 dxe4 4. Nc3 Bb4 5. f3 Nc6 6. d5 Ne5 7. Qa4+ c6 8. Qxb4 exf3 9. Nxf3 Nxf3+ 10. gxf3 Qh4+ 11. Ke2 exd5 12. Be3 Ne7 13. Bf2 Qxc4+ 14. Qxc4 dxc4 15. Kd2 Be6 16. Rd1 Rd8+ 17. Kc1 Rxd1+ 18. Kxd1 0-0 19. Bxa7 Nd5 20. Nxd5 Bxd5 21. Bg2 Ra8 22. Bc5 Rxa2 23. Kc2 Ra8 24. Re1 h6 25. Re2 b5 26. f4 Rd8 27. Rd2 f6 28. Kc3 Kf7 29. Kb4 Ke6 30. Bh3+ Kf7 31. Re2 Ra8 32. Re7+ Kg8 33. Be6+ Bxe6 34. Rxe6 Ra4+ 35. Kc3 Ra1 36. Rxc6 Rh1 37. Rc8+ Kf7 38. f5 Rxh2 39. Rf8# 1-0

[Event "Muensterland Verbandsklasse-A 0809"]
[Site "Germany"]
[Date "2009.03.28"]
[Round "8.8"]
[White "Bleier, Thomas"]
[Black "Drees, Horst"]
[Result "1/2-1/2"]
[WhiteElo "1577"]
[BlackElo "1558"]
[PlyCount "35"]
[EventDate "2008.09.13"]
[EventType "tourn"]
[EventRounds "9"]
[EventCountry "GER"]
[SourceTitle "EXT 2010"]
[Source "ChessBase"]
[SourceDate "2010.11.25"]
[SourceVersion "1"]
[SourceVersionDate "2010.11.25"]
[SourceQuality "1"]
[WhiteTeam "Beelen"]
[BlackTeam "Gronau II"]
[WhiteTeamCountry "GER"]
[BlackTeamCountry "GER"]

1. e4 e5 2. Nf3 Nc6 3. Nc3 Bc5 4. Bb5 d6 5. d3 h6 6. a3 Bg4 7. h3 Bd7 8. Nd5 Nge7 9. Ne3 0-0 10. c3 f5 11. Bc4+ Kh7 12. exf5 Bxe3 13. Bxe3 Nxf5 14. Bd2 Qe7 15. 0-0 Qf6 16. Qe2 Nfe7 17. b4 Bxh3 18. Ng5+ 1/2-1/2

[Event "Muenster Bezirksliga 0607"]
[Site "Germany"]
[Date "2006.10.28"]
[Round "2.23"]
[White "Sobel, Meinhard"]
[Black "Bleier, Thomas"]
[Result "1/2-1/2"]
[WhiteElo "1606"]
[BlackElo "1583"]
[PlyCount "50"]
[EventDate "2006.09.16"]
[EventType "team"]
[EventRounds "9"]
[EventCountry "GER"]
[SourceTitle "EXT 2008"]
[Source "ChessBase"]
[SourceDate "2007.11.25"]
[SourceVersion "1"]
[SourceVersionDate "2007.11.25"]
[SourceQuality "1"]
[WhiteTeam "Muenster SK VI"]
[BlackTeam "Beelen"]
[WhiteTeamCountry "GER"]
[BlackTeamCountry "GER"]

1. e4 e6 2. d4 d5 3. Nd2 c5 4. exd5 exd5 5. Ngf3 Nc6 6. dxc5 Bxc5 7. Nb3 Bb6 8. Be2 Nge7 9. 0-0 0-0 10. c3 Bf5 11. Bd3 Qd6 12. Bxf5 Nxf5 13. Qd3 g6 14. Re1 Rfe8 15. Bd2 Bc7 16. g3 Bb6 17. Kg2 f6 18. Rxe8+ Rxe8 19. Re1 Rxe1 20. Bxe1 Ne5 21. Qe2 Nxf3 22. Qxf3 Qc6 23. h4 Kf7 24. h5 Qc4 25. hxg6+ hxg6 1/2-1/2